Statistics for Tesla Quiz

Click here to take the quiz!

General Stats

  • This quiz has been taken 117 times
  • The average score is 12 of 18

Answer Stats

HintAnswer% Correct
FounderElon Musk
95%
Tesla Model S
94%
Tesla Model X
94%
Tesla Model 3
90%
Founder is known for:SpaceX
84%
Year of foundation2003
84%
Car modelsTesla Roadster
80%
How are Tesla's charging stations called?Supercharger
80%
His country of birthSouth Africa
79%
PayPal
76%
Named afterNikola Tesla
70%
Biggest lithium-ion battery factoryGigafactory
52%
Hyperloop
50%
SolarCity
42%
Tesla's headquarters locationPalo Alto, CA
33%
Largest overseas marketNorway
31%
Where the Tesla Factory isFremont, CA
29%
^near this U.S. cityReno
24%

Score Distribution

Percentile by Number Answered

Percent of People with Each Score

Your Score History

You have not taken this quiz